| 000 | 00606nam a2200229Ia 4500 | ||
|---|---|---|---|
| 001 | Z_5420 | ||
| 003 | CHAP | ||
| 008 | 220113s1990 xx 000 0 und d | ||
| 010 | _a168491 | ||
| 040 | _cCHAP | ||
| 090 | _aFolleto 722 | ||
| 100 |
_aMuñante Pérez, Domingo Marcelo _9142823 |
||
| 245 |
_aPresupuesto en la formulación de proyectos agropecuarios / _cDomingo Muñante Pérez |
||
| 260 |
_aChapingo, Méx. : _b UACH. Departamento de Economía Agrícola, _c1990 |
||
| 300 | _a36 h. | ||
| 901 | _aFOLLETO 722 | ||
| 902 | _aA | ||
| 910 | _a1990 | ||
| 942 | _c1 | ||
| 942 | _cc1 | ||
| 999 |
_c168491 _d168491 |
||